Titres d'oeuvres modifiés - Statistiques

Statistiques générales
  • Ce quiz a été pris 65 fois
  • Le résultat moyen est 12 sur 30
Statistiques - réponses
Hint Réponse % Correct
Simba, nom irl de l'auteur de ce quiz, assume son identité féline à la mort de son père. (Disney, 1994) (titre original) Le roi lion
86%
Ce livre raconte l’histoire d’un champion golfeur orphelin portant une cicatrice et qui réussit toujours à rentrer la balle dans le trou du premier coup une fois sur le vert. (J. K. Rowling, 1997) (titre original) Harry Potter
85%
John Hammond recrée génétiquement un suidé fossilisé dans l'ambre et ayant 145 millions d'années. (Steven Spielberg, 1993) (titre original) Le parc jurassique (Jurassic park)
85%
Dans le Mordor, Sauron construit une ferme solaire qui lui permet de faire fortune. (J. R. R. Tolkien, 1954-1955) (titre original) Le seigneur des anneaux
61%
Après la mort de sa mère, pour laquelle il ne ressent aucun chagrin, Meursault tue un arabe d'un coup de revolver, puis décide, sans raison apparente, de serrer le corps inerte au niveau du cou. (Albert Camus, 1942) (titre original) L'étranger
61%
Harpagon enterre son argent dans un terrain de football, mais une contestation vidéo dévoile l'emplacement du butin. (Molière, 1668) La VAR
59%
Harpagon enterre son argent dans un terrain de football, mais une contestation vidéo dévoile l'emplacement du butin. (Molière, 1668) (titre original) L'avare
59%
Dans le 2e volet de l'adaptation cinématographique de Denis Villeneuve, les Atréides tentent de déchiffrer un ancien alphabet viking. (Frank Herbert, 1965) (titre original) Dune
58%
Athos et ses camarades retournent les ferrets de la reine, et se font couronner après sa mort. (Alexandre Dumas, 1844) (titre original) Les trois mousquetaires
58%
Une fois sorti de prison, Edmond Dantès se convertit en romancier et publie un livre qui porte le même nom que l’île italienne sur laquelle se trouverait un trésor caché. (Alexandre Dumas, 1844-1846) (titre original) Le Comte de Monte-Christo
54%
Dans le 2e volet de l'adaptation cinématographique de Denis Villeneuve, les Atréides tentent de déchiffrer un ancien alphabet viking. (Frank Herbert, 1965) Rune
46%
Ce livre raconte l’histoire d’un champion golfeur orphelin portant une cicatrice et qui réussit toujours à rentrer la balle dans le trou du premier coup une fois sur le vert. (J. K. Rowling, 1997) Harry Putter
41%
Après la mort de sa mère, pour laquelle il ne ressent aucun chagrin, Meursault tue un arabe d'un coup de revolver, puis décide, sans raison apparente, de serrer le corps inerte au niveau du cou. (Albert Camus, 1942) L'étrangler
41%
Dans le Mordor, Sauron construit une ferme solaire qui lui permet de faire fortune. (J. R. R. Tolkien, 1954-1955) Le seigneur des panneaux [solaires]
39%
Dans ce film, Dustin Hoffman joue Raymond Babbitt, un chauffeur de locomotive autiste qui a reçu la presque totalité de l'héritage de son père, au grand dam de son frère, Charlie. (Barry Levinson,1988) (titre original) Rain Man
36%
Athos et ses camarades retournent les ferrets de la reine, et se font couronner après sa mort. (Alexandre Dumas, 1844) Les rois mousquetaires
32%
Dans ce biopic sur Alan Turing, on le voit créer de toutes pièces un registre musical qu'il utilise pour lutter contre les nazis. (Morten Tyldum, 2014) (titre original) Imitation Game
31%
En 1979, en pleine révolution iranienne, six diplomates de l'ambassade américaine sont exfiltrés en prétextant tourner un documentaire sur les gaz rares. (Ben Affleck, 2012) (titre original) Argo
27%
Dans ce film, Dustin Hoffman joue Raymond Babbitt, un chauffeur de locomotive autiste qui a reçu la presque totalité de l'héritage de son père, au grand dam de son frère, Charlie. (Barry Levinson,1988) Train man
27%
En 1979, en pleine révolution iranienne, six diplomates de l'ambassade américaine sont exfiltrés en prétextant tourner un documentaire sur les gaz rares. (Ben Affleck, 2012) Argon
25%
George Milton et Lennie Small rêvent (littéralement, puisqu’ils roupillent) de posséder un petit ranch, ce qui conduit à leur renvoi. (John Steinbeck,1937) (titre original) Des souris et des hommes
25%
Des enfants laissés à eux-mêmes sur une île déserte bâtissent une petite société et anoblissent le plus propre d'entre eux. (William Golding, 1954) (titre original) Sa majesté des mouches (lord of the flies)
25%
John Hammond recrée génétiquement un suidé fossilisé dans l'ambre et ayant 145 millions d'années. (Steven Spielberg, 1993) Le porc jurassique (Jurassic Pork)
24%
Alors que le pape est assassiné par un tueur envoyé par les illuminatis, Robert Langdon expose une capsule d’antimatière développée récemment à des acheteurs intéressés. (Dan Brown, 2000) (titre original) Anges et démons
22%
Simba, nom irl de l'auteur de ce quiz, assume son identité féline à la mort de son père. (Disney, 1994) Le moi lion
22%
Une fois sorti de prison, Edmond Dantès se convertit en romancier et publie un livre qui porte le même nom que l’île italienne sur laquelle se trouverait un trésor caché. (Alexandre Dumas, 1844-1846) Le conte de Monte-Christo
20%
Des enfants laissés à eux-mêmes sur une île déserte bâtissent une petite société et anoblissent le plus propre d'entre eux. (William Golding, 1954) Sa majesté des douches
17%
Dans ce biopic sur Alan Turing, on le voit créer de toutes pièces un registre musical qu'il utilise pour lutter contre les nazis. (Morten Tyldum, 2014) Imitation gamme
15%
Alors que le pape est assassiné par un tueur envoyé par les illuminatis, Robert Langdon expose une capsule d’antimatière développée récemment à des acheteurs intéressés. (Dan Brown, 2000) Anges et démos
10%
George Milton et Lennie Small rêvent (littéralement, puisqu’ils roupillent) de posséder un petit ranch, ce qui conduit à leur renvoi. (John Steinbeck,1937) Des souris et des sommes
7%
Aucun quiz correspondant
Distribution des résultats
% des personnes avec chaque résultat
Percentile par nombre de réponses
Votre historique - résultats
Vous n’avez pas pris ce quiz